[Event "Avoine op 34th"]
[Site "Avoine"]
[Date "2019.07.25"]
[Round "6"]
[White "Fruteau, Sabine"]
[Black "Iglesias, Yosha"]
[Result "0-1"]
[WhiteElo "1979"]
[BlackElo "2258"]
[PlyCount "50"]
[EventDate "2019.07.20"]
[EventType "swiss"]
[EventRounds "9"]
[EventCountry "FRA"]
[SourceTitle "EXT 2020"]
[Source "ChessBase"]
[SourceDate "2019.10.17"]
[SourceVersion "1"]
[SourceVersionDate "2019.10.17"]
[SourceQuality "1"]

1. e4 g6 2. d4 Bg7 3. Nf3 d6 4. Bc4 Nf6 5. Nc3 0-0 6. 0-0 Nc6 7. d5 Ne5 8. Be2 Nxf3+ 9. Bxf3 e5 10. a4 Nd7 11. b4 a5 12. bxa5 Rxa5 13. Nb5 Nc5 14. Bd2 Rxa4 15. Rxa4 Nxa4 16. Qa1 Nc5 17. Qa5 b6 18. Qa3 Ba6 19. c4 f5 20. exf5 gxf5 21. Bb4 Bxb5 22. cxb5 e4 23. Be2 Qf6 24. Bxc5 dxc5 25. Qa7 Qd6 0-1

[Event "Avoine op 34th"]
[Site "Avoine"]
[Date "2019.07.20"]
[Round "3"]
[White "Bouget, Alexandre"]
[Black "Fruteau, Sabine"]
[Result "1-0"]
[WhiteElo "2275"]
[BlackElo "1979"]
[PlyCount "77"]
[EventDate "2019.07.20"]
[EventType "swiss"]
[EventRounds "9"]
[EventCountry "FRA"]
[SourceTitle "EXT 2020"]
[Source "ChessBase"]
[SourceDate "2019.10.17"]
[SourceVersion "1"]
[SourceVersionDate "2019.10.17"]
[SourceQuality "1"]

1. d4 Nf6 2. c4 g6 3. Nc3 Bg7 4. e4 d6 5. Be2 0-0 6. Nf3 e5 7. 0-0 Nbd7 8. Be3 Ng4 9. Bg5 f6 10. Bd2 Nh6 11. d5 Nf7 12. Qc2 a5 13. a3 c5 14. dxc6 bxc6 15. b4 Bh6 16. Rad1 Bxd2 17. Rxd2 axb4 18. axb4 Qb6 19. Rb1 Qa7 20. h4 Rd8 21. h5 Nf8 22. Nh4 Qe7 23. b5 Bb7 24. Qd3 f5 25. hxg6 hxg6 26. Qg3 Ra3 27. Nxg6 Nxg6 28. Qxg6+ Kf8 29. exf5 Qg5 30. Ne4 Qxg6 31. fxg6 cxb5 32. Ng3 Ng5 33. Rxb5 Ba6 34. Rxe5 Ra1+ 35. Kh2 dxe5 36. Rxd8+ Kg7 37. Rd6 Ra2 38. Nf5+ Kg8 39. Rd8# 1-0

[Event "FRA-chT Top 12"]
[Site "Brest"]
[Date "2019.05.26"]
[Round "9.8"]
[White "Fruteau, Sabine"]
[Black "Skripchenko, Almira"]
[Result "0-1"]
[WhiteElo "2015"]
[BlackElo "2406"]
[PlyCount "66"]
[EventDate "2019.05.18"]
[EventType "team-tourn"]
[EventRounds "11"]
[EventCountry "FRA"]
[SourceTitle "CBM 190 Extra"]
[Source "ChessBase"]
[SourceDate "2019.07.15"]
[SourceVersion "1"]
[SourceVersionDate "2019.07.15"]
[SourceQuality "1"]
[WhiteTeam "Gonfreville"]
[BlackTeam "Asnieres"]
[WhiteTeamCountry "FRA"]
[BlackTeamCountry "FRA"]

1. b3 c5 2. c4 Nf6 3. Bb2 b6 4. Nf3 Bb7 5. e3 e6 6. Be2 Be7 7. 0-0 0-0 8. d3 d5 9. Nbd2 Nbd7 10. a3 Bd6 11. Qc2 Qe7 12. Rfe1 Rac8 13. Rac1 Bb8 14. Nf1 e5 15. Ng3 Rfe8 16. e4 d4 17. Rb1 Nf8 18. Bc1 N6d7 19. Nf5 Qd8 20. Bf1 Ne6 21. b4 g6 22. Ng3 Bd6 23. Nd2 Rf8 24. Nf3 f5 25. Bh6 Rf7 26. bxc5 Rxc5 27. exf5 gxf5 28. Bd2 Bxf3 29. gxf3 Qh4 30. Bb4 Rc6 31. Bxd6 Rxd6 32. c5 Nexc5 33. f4 exf4 0-1

[Event "FRA-chT Top 12"]
[Site "Brest"]
[Date "2019.05.19"]
[Round "2.8"]
[White "Maisuradze, Nino"]
[Black "Fruteau, Sabine"]
[Result "1-0"]
[WhiteElo "2179"]
[BlackElo "2015"]
[PlyCount "63"]
[EventDate "2019.05.18"]
[EventType "team-tourn"]
[EventRounds "11"]
[EventCountry "FRA"]
[SourceTitle "CBM 190 Extra"]
[Source "ChessBase"]
[SourceDate "2019.07.15"]
[SourceVersion "1"]
[SourceVersionDate "2019.07.15"]
[SourceQuality "1"]
[WhiteTeam "Bischwiller"]
[BlackTeam "Gonfreville"]
[WhiteTeamCountry "FRA"]
[BlackTeamCountry "FRA"]

1. c4 c5 2. Nc3 Nc6 3. g3 g6 4. Bg2 Bg7 5. e3 e6 6. Nge2 Nge7 7. d4 cxd4 8. exd4 d5 9. c5 0-0 10. 0-0 b6 11. a3 bxc5 12. dxc5 a5 13. Rb1 Ba6 14. Re1 Rb8 15. Bd2 Bd3 16. Qa4 Bxb1 17. Rxb1 Qc8 18. b4 axb4 19. axb4 Ra8 20. Qd1 Ne5 21. Na4 Nc4 22. Bc3 Qa6 23. Bxg7 Kxg7 24. Nec3 Rfb8 25. Bf1 Kg8 26. b5 Qa5 27. Bxc4 dxc4 28. Qd4 Rd8 29. Qxc4 Nd5 30. b6 Nxc3 31. Nxc3 Rac8 32. c6 1-0

[Event "Avoine op 33rd"]
[Site "Avoine"]
[Date "2018.07.27"]
[Round "7"]
[White "Joly, Julien"]
[Black "Fruteau, Sabine"]
[Result "1-0"]
[WhiteElo "1917"]
[BlackElo "2071"]
[PlyCount "37"]
[EventDate "2018.07.21"]
[EventType "swiss"]
[EventRounds "9"]
[EventCountry "FRA"]
[SourceTitle "CBM 185 Extra"]
[Source "ChessBase"]
[SourceDate "2018.07.29"]
[SourceVersion "1"]
[SourceVersionDate "2018.07.29"]
[SourceQuality "1"]

1. e4 e5 2. Nf3 Nc6 3. d4 exd4 4. Nxd4 Nf6 5. Nxc6 bxc6 6. e5 Qe7 7. Qe2 Nd5 8. c4 Ba6 9. b3 g6 10. f4 Bg7 11. Qf2 Nf6 12. Be2 Ne4 13. Qe3 f5 14. Ba3 Qe6 15. 0-0 d5 16. Nc3 0-0-0 17. Nxe4 dxe4 18. Qxa7 c5 19. Qa8+ 1-0

[Event "Angouleme Lallemand Memorial op"]
[Site "Angouleme"]
[Date "2018.06.10"]
[Round "6"]
[White "Maisuradze, Nino"]
[Black "Fruteau, Sabine"]
[Result "1-0"]
[WhiteElo "2200"]
[BlackElo "2071"]
[PlyCount "133"]
[EventDate "2018.06.09"]
[EventType "swiss (rapid)"]
[EventRounds "9"]
[EventCountry "FRA"]
[SourceTitle "CBM 184 Extra"]
[Source "ChessBase"]
[SourceDate "2018.06.28"]
[SourceVersion "1"]
[SourceVersionDate "2018.06.28"]
[SourceQuality "1"]

1. d4 Nf6 2. c4 e6 3. Nc3 d5 4. cxd5 exd5 5. Bg5 Be7 6. e3 c6 7. Qc2 Nbd7 8. Bd3 0-0 9. Nge2 h6 10. Bh4 Re8 11. 0-0 Ne4 12. Bxe7 Qxe7 13. Rae1 Ndf6 14. f3 Nxc3 15. Nxc3 b6 16. e4 Qb4 17. Qf2 Be6 18. e5 Nd7 19. a3 Qe7 20. f4 Nf8 21. f5 Bd7 22. f6 gxf6 23. Qg3+ Ng6 24. exf6 Qf8 25. Re5 Rxe5 26. dxe5 Be6 27. h4 Kh8 28. h5 Nxe5 29. Qxe5 Qc5+ 30. Kh1 Rg8 31. Qf4 Rg5 32. Be2 a5 33. Nd1 d4 34. Nf2 Qc2 35. Bf3 Bd5 36. Bxd5 Rxh5+ 37. Nh3 Rxd5 38. Qxh6+ Qh7 39. Qf8+ Qg8 40. Qh6+ Qh7 41. Qxh7+ Kxh7 42. Rd1 c5 43. Kg1 Rf5 44. Rf1 Re5 45. Nf4 c4 46. Kf2 d3 47. Rh1+ Kg8 48. a4 b5 49. Rc1 Rf5 50. Ke3 Re5+ 51. Kd4 Rf5 52. Ke4 Rxf6 53. axb5 Rb6 54. Rxc4 Rxb5 55. Nxd3 Kg7 56. Rc5 Rb6 57. Rxa5 Re6+ 58. Re5 Rg6 59. Kf3 Rd6 60. Nf4 Rb6 61. Re2 Rb4 62. g3 Rb5 63. Nd3 Rb3 64. Ke3 Kg6 65. Rf2 f6 66. Rf4 Kg7 67. Rb4 1-0

[Event "Angouleme Lallemand Memorial op"]
[Site "Angouleme"]
[Date "2018.06.09"]
[Round "3"]
[White "Fruteau, Sabine"]
[Black "Soubirou, Oriane"]
[Result "0-1"]
[WhiteElo "2071"]
[BlackElo "2105"]
[PlyCount "51"]
[EventDate "2018.06.09"]
[EventType "swiss (rapid)"]
[EventRounds "9"]
[EventCountry "FRA"]
[SourceTitle "CBM 184 Extra"]
[Source "ChessBase"]
[SourceDate "2018.06.28"]
[SourceVersion "1"]
[SourceVersionDate "2018.06.28"]
[SourceQuality "1"]

1. e4 a6 2. d4 e6 3. Nf3 b5 4. Bd3 Bb7 5. 0-0 Nf6 6. Nbd2 d5 7. exd5 Qxd5 8. c4 Qh5 9. Qe2 Bd6 10. cxb5 0-0 11. bxa6 Nxa6 12. Ne5 Nb4 13. Qxh5 Nxh5 14. Bb1 Nf4 15. Nef3 Ne2+ 16. Kh1 Bf4 17. Be4 Bxe4 18. Nxe4 Nxc1 19. g3 Bh6 20. a3 Nb3 21. Rad1 Nd5 22. Ne5 Rfb8 23. Rd3 Na5 24. b4 Nb7 25. f4 g6 26. Rc1 0-1

[Event "Villandry Lallemand Memorial op"]
[Site "Villandry"]
[Date "2017.06.11"]
[Round "6"]
[White "Alexieva, Silvia"]
[Black "Fruteau, Sabine"]
[Result "1-0"]
[WhiteElo "2250"]
[BlackElo "2140"]
[PlyCount "73"]
[EventDate "2017.06.10"]
[EventType "swiss (rapid)"]
[EventRounds "10"]
[EventCountry "FRA"]
[SourceTitle "EXT 2019"]
[Source "ChessBase"]
[SourceDate "2018.10.10"]
[SourceVersion "1"]
[SourceVersionDate "2018.10.10"]
[SourceQuality "1"]

1. c4 e5 2. Nc3 Nc6 3. g3 Nf6 4. Bg2 g6 5. Rb1 Bg7 6. b4 0-0 7. d3 Ne7 8. Nf3 d6 9. 0-0 Nh5 10. Qb3 Kh8 11. e4 f5 12. c5 Nc6 13. cxd6 Qxd6 14. b5 Nd4 15. Nxd4 exd4 16. Ba3 Qf6 17. Nd5 Qf7 18. Bxf8 Bxf8 19. Qc4 Be6 20. Qxd4+ Bg7 21. Qc5 b6 22. Qc6 Rc8 23. Rbc1 Bd4 24. Rc4 Bxd5 25. exd5 Bc5 26. Qe6 Qf8 27. Re1 Nf6 28. Qc6 Ng4 29. d4 Bd6 30. h3 Nf6 31. Re6 Rd8 32. Ra4 f4 33. g4 Ng8 34. Bf3 Ne7 35. Qc2 Nc8 36. Kg2 Qg7 37. Qe4 1-0

[Event "Avoine op 31st"]
[Site "Avoine"]
[Date "2016.07.28"]
[Round "6"]
[White "Fruteau, Sabine"]
[Black "Budak, Rezan"]
[Result "1-0"]
[WhiteElo "2094"]
[BlackElo "1808"]
[PlyCount "57"]
[EventDate "2016.07.23"]
[EventType "swiss"]
[EventRounds "9"]
[EventCountry "FRA"]
[SourceTitle "CBM 173 Extra"]
[Source "ChessBase"]
[SourceDate "2016.08.29"]
[SourceVersion "1"]
[SourceVersionDate "2016.08.29"]
[SourceQuality "1"]

1. e4 c5 2. Nf3 Nc6 3. Bb5 Nd4 4. Bc4 e6 5. c3 b5 6. cxd4 bxc4 7. Qa4 cxd4 8. Qxc4 Qb6 9. Qb3 Ba6 10. Qxb6 axb6 11. Nxd4 Nf6 12. Nc3 Bc5 13. Nb3 Bc4 14. Nxc5 bxc5 15. f3 d5 16. exd5 exd5 17. d3 Bxd3 18. Bg5 Bc4 19. Kf2 0-0-0 20. b3 Bd3 21. Rhe1 c4 22. Na4 Kb8 23. Re7 Rde8 24. Rae1 Rxe7 25. Rxe7 Nh5 26. g4 h6 27. Be3 Nf6 28. Nb6 g5 29. Bd4 1-0

[Event "Avoine op 31st"]
[Site "Avoine"]
[Date "2016.07.27"]
[Round "5"]
[White "Vekemans, Sylvain"]
[Black "Fruteau, Sabine"]
[Result "0-1"]
[WhiteElo "1909"]
[BlackElo "2094"]
[PlyCount "66"]
[EventDate "2016.07.23"]
[EventType "swiss"]
[EventRounds "9"]
[EventCountry "FRA"]
[SourceTitle "CBM 173 Extra"]
[Source "ChessBase"]
[SourceDate "2016.08.29"]
[SourceVersion "1"]
[SourceVersionDate "2016.08.29"]
[SourceQuality "1"]

1. c4 e5 2. Nc3 Nf6 3. g3 d5 4. cxd5 Nxd5 5. Bg2 Nb6 6. d3 Be7 7. Be3 0-0 8. Nf3 Nc6 9. 0-0 Be6 10. Na4 Bd5 11. Bc5 Nxa4 12. Bxe7 Qxe7 13. Qxa4 f5 14. Qb5 Rad8 15. Qxb7 e4 16. dxe4 fxe4 17. Ne1 Rb8 18. Qa6 Rxb2 19. Nd3 Rb6 20. Qa4 exd3 21. Bxd5+ Kh8 22. Bxc6 dxe2 23. Rfe1 Qc5 24. Bg2 Rxf2 25. Kh1 Rbf6 26. Qe4 Qb5 27. Rab1 Rf1+ 28. Bxf1 exf1Q+ 29. Rxf1 Rxf1+ 30. Kg2 Rxb1 31. Kh3 a5 32. Qe7 Qf1+ 33. Kg4 Rb4+ 0-1

[Event "Guernsey op 41st"]
[Site "Vale"]
[Date "2015.10.24"]
[Round "7"]
[White "Fruteau, Sabine"]
[Black "Fassaert, Desire Jm"]
[Result "0-1"]
[WhiteElo "2037"]
[BlackElo "1912"]
[PlyCount "104"]
[EventDate "2015.10.18"]
[EventType "swiss"]
[EventRounds "7"]
[EventCountry "GCI"]
[SourceTitle "EXT 2017"]
[Source "ChessBase"]
[SourceDate "2016.10.25"]
[SourceVersion "1"]
[SourceVersionDate "2016.10.25"]
[SourceQuality "1"]

1. e4 c6 2. d4 d5 3. e5 Bf5 4. Ne2 e6 5. Ng3 Bg6 6. h4 h6 7. h5 Bh7 8. Bd3 Bxd3 9. Qxd3 Nd7 10. c3 c5 11. 0-0 Ne7 12. dxc5 Nxc5 13. Qe2 Nc6 14. Nd2 Be7 15. Nf3 0-0 16. b4 Na4 17. b5 Na5 18. Qc2 Nb6 19. a4 Nbc4 20. Ne2 Rc8 21. Ned4 Bc5 22. Qe2 Rc7 23. g4 Be7 24. Kg2 Nb6 25. Rh1 Rc4 26. Bd2 Nxa4 27. g5 Bxg5 28. Nxg5 hxg5 29. Qd3 Nc5 30. Qh3 Ne4 31. Be1 b6 32. Nxe6 fxe6 33. Qxe6+ Rf7 34. h6 Qd7 35. Qg6 Qf5 36. h7+ Kh8 37. Qxf5 Rxf5 38. f3 Nc5 39. Rd1 Rxe5 40. Bg3 Rf5 41. Rde1 Rf8 42. Re7 Nd3 43. Bd6 Rh4 44. Rxg7 Kxg7 45. Bxf8+ Kxh7 46. Rd1 Nf4+ 47. Kg3 Kg6 48. Bb4 Kf5 49. Ra1 Rh3+ 50. Kf2 Rh2+ 51. Kg1 Rc2 52. Re1 Rc1 0-1

[Event "Avoine op 30th"]
[Site "Avoine"]
[Date "2015.07.22"]
[Round "5"]
[White "Seret, Jean Luc"]
[Black "Fruteau, Sabine"]
[Result "1-0"]
[WhiteElo "2392"]
[BlackElo "2048"]
[PlyCount "83"]
[EventDate "2015.07.18"]
[EventType "swiss"]
[EventRounds "9"]
[EventCountry "FRA"]
[SourceTitle "EXT 2016"]
[Source "ChessBase"]
[SourceDate "2015.10.08"]
[SourceVersion "1"]
[SourceVersionDate "2015.10.08"]
[SourceQuality "1"]

1. e4 e5 2. Nf3 Nc6 3. Bb5 a6 4. Ba4 Nf6 5. d3 d6 6. c4 Bd7 7. Nc3 Be7 8. d4 Nxd4 9. Nxd4 exd4 10. Qxd4 Bxa4 11. Nxa4 0-0 12. Nc3 Qd7 13. 0-0 Rfe8 14. f3 b5 15. Rd1 Qc6 16. cxb5 axb5 17. Be3 b4 18. Qxb4 d5 19. Qb5 Qxb5 20. Nxb5 Bd8 21. Bf4 dxe4 22. fxe4 Rxe4 23. Bxc7 Be7 24. Bd6 Bd8 25. Nc3 Bb6+ 26. Kf1 Re6 27. h3 Ne8 28. Bf4 h6 29. Re1 Ra5 30. g4 h5 31. Rxe6 fxe6 32. Re1 Kf7 33. Re5 hxg4 34. hxg4 Ra7 35. Rb5 Bd4 36. Ne2 Bf6 37. a3 Nc7 38. Bxc7 Rxc7 39. b3 Bb2 40. a4 e5 41. a5 Ra7 42. Ng3 1-0

[Event "Avoine op 29th"]
[Site "Avoine"]
[Date "2014.07.25"]
[Round "7"]
[White "Okhotnik, Vladimir"]
[Black "Fruteau, Sabine"]
[Result "0-1"]
[WhiteElo "2396"]
[BlackElo "2065"]
[PlyCount "105"]
[EventDate "2014.07.19"]
[EventType "swiss"]
[EventRounds "9"]
[EventCountry "FRA"]
[SourceTitle "CBM 161 Extra"]
[Source "ChessBase"]
[SourceDate "2014.08.29"]
[SourceVersion "1"]
[SourceVersionDate "2014.08.29"]
[SourceQuality "1"]

1. d4 Nf6 2. Nf3 e6 3. Bf4 b6 4. e3 Bb7 5. Nbd2 Be7 6. h3 d6 7. Bd3 Nbd7 8. c3 0-0 9. Qe2 c5 10. Ba6 Bxa6 11. Qxa6 Qc7 12. a4 e5 13. dxe5 dxe5 14. Bh2 Nb8 15. Qe2 Nc6 16. 0-0 Rfe8 17. Nc4 Bf8 18. e4 Qb7 19. Rfe1 Nd7 20. Rad1 a6 21. Rxd7 Qxd7 22. Nxb6 Qc7 23. Nxa8 Rxa8 24. Qc2 Rb8 25. b4 Qd6 26. b5 Na5 27. Qa2 Re8 28. bxa6 Qxa6 29. Nxe5 c4 30. Qd2 Bd6 31. Nf3 Bc5 32. Qd7 Rf8 33. Bg3 h6 34. e5 Qe6 35. Qb5 Nb3 36. Re4 Rc8 37. Kh2 Bb6 38. Nd4 Bxd4 39. cxd4 Qf5 40. Rf4 Qg6 41. Qb7 Rf8 42. Qb5 Rc8 43. d5 c3 44. Qb7 Rc5 45. e6 fxe6 46. Rg4 Qf7 47. Qxb3 exd5 48. Qc2 Qe6 49. Rd4 Qf6 50. Rf4 Qe6 51. Rb4 Rc8 52. a5 Qa6 53. Be5 0-1

[Event "Avoine op 29th"]
[Site "Avoine"]
[Date "2014.07.23"]
[Round "5"]
[White "Fruteau, Sabine"]
[Black "Manea, Alexandru"]
[Result "1/2-1/2"]
[WhiteElo "2065"]
[BlackElo "2373"]
[PlyCount "54"]
[EventDate "2014.07.19"]
[EventType "swiss"]
[EventRounds "9"]
[EventCountry "FRA"]
[SourceTitle "CBM 161 Extra"]
[Source "ChessBase"]
[SourceDate "2014.08.29"]
[SourceVersion "1"]
[SourceVersionDate "2014.08.29"]
[SourceQuality "1"]

1. e4 e6 2. d4 d5 3. Nd2 dxe4 4. Nxe4 Nd7 5. Nf3 Ngf6 6. Bg5 Be7 7. Nxf6+ Nxf6 8. Bd3 c5 9. dxc5 Qa5+ 10. c3 Qxc5 11. 0-0 a6 12. a4 Bd7 13. Qe2 h6 14. Be3 Qh5 15. Bd4 Rc8 16. Ne5 Qxe2 17. Bxe2 Bc5 18. Rfd1 Bxd4 19. Rxd4 Ke7 20. Rad1 Rc7 21. a5 Rb8 22. Kf1 Be8 23. Nc4 Bb5 24. Nb6 Bc6 25. c4 Nd7 26. Nxd7 Rxd7 27. b4 Rxd4 1/2-1/2

[Event "Avoine op 29th"]
[Site "Avoine"]
[Date "2014.07.19"]
[Round "1"]
[White "Fruteau, Sabine"]
[Black "Castellanos Rodriguez, Renier"]
[Result "0-1"]
[WhiteElo "2065"]
[BlackElo "2479"]
[PlyCount "68"]
[EventDate "2014.07.19"]
[EventType "swiss"]
[EventRounds "9"]
[EventCountry "FRA"]
[SourceTitle "CBM 161 Extra"]
[Source "ChessBase"]
[SourceDate "2014.08.29"]
[SourceVersion "1"]
[SourceVersionDate "2014.08.29"]
[SourceQuality "1"]

1. e4 c5 2. Nf3 e6 3. d4 cxd4 4. Nxd4 a6 5. c4 Nf6 6. Nc3 Qc7 7. Be2 b6 8. Be3 Bb7 9. f3 Be7 10. 0-0 0-0 11. Nb3 d6 12. Qe1 Nbd7 13. Qf2 Rac8 14. Rfc1 Rfe8 15. Nd2 Qb8 16. a3 Bd8 17. b4 d5 18. c5 bxc5 19. bxc5 Be7 20. exd5 Nxc5 21. dxe6 Nxe6 22. Nc4 Nf4 23. Bf1 N6d5 24. Nxd5 Nxd5 25. Bd4 Qf4 26. g3 Qh6 27. Rd1 Bf8 28. Rab1 Ba8 29. Qd2 Qh5 30. Rb3 Bc6 31. Nb6 Nxb6 32. Rxb6 Bxf3 33. Rdb1 Rcd8 34. Qf2 Rxd4 0-1

[Event "Rennes op 7th"]
[Site "Rennes"]
[Date "2014.07.10"]
[Round "8"]
[White "Fruteau, Sabine"]
[Black "Demuth, Adrien"]
[Result "0-1"]
[WhiteElo "2065"]
[BlackElo "2488"]
[PlyCount "90"]
[EventDate "2014.07.05"]
[EventType "swiss"]
[EventRounds "9"]
[EventCountry "FRA"]
[SourceTitle "CBM 161 Extra"]
[Source "ChessBase"]
[SourceDate "2014.08.29"]
[SourceVersion "1"]
[SourceVersionDate "2014.08.29"]
[SourceQuality "1"]

1. e4 c5 2. Nf3 d6 3. Bb5+ Nd7 4. 0-0 a6 5. Bxd7+ Bxd7 6. c4 b5 7. Nc3 b4 8. Ne2 e5 9. d3 Ne7 10. Ne1 Nc6 11. f4 Be7 12. Nf3 exf4 13. Nxf4 0-0 14. Nd5 Bg4 15. h3 Be6 16. Bf4 f5 17. Nxe7+ Qxe7 18. e5 dxe5 19. Nxe5 Nxe5 20. Bxe5 Bxc4 21. dxc4 Qxe5 22. Qd5+ Qxd5 23. cxd5 Rad8 24. Rfd1 Rd6 25. Rac1 Rc8 26. Rc4 Kf7 27. Rdc1 Rxd5 28. Rxb4 cxb4 29. Rxc8 a5 30. Rc2 g5 31. Kf2 Kf6 32. Ke2 h5 33. Rc6+ Ke5 34. Rc4 Rd4 35. Rc5+ Rd5 36. Rc4 Kd6 37. Rc2 Rc5 38. Rd2+ Rd5 39. Rc2 Rc5 40. Rd2+ Ke5 41. Kf3 g4+ 42. Kf2 f4 43. h4 Ke4 44. Ke2 Rc1 45. Kf2 g3+ 0-1

[Event "Rennes op 7th"]
[Site "Rennes"]
[Date "2014.07.09"]
[Round "7"]
[White "Stephan, Victor"]
[Black "Fruteau, Sabine"]
[Result "1-0"]
[WhiteElo "2341"]
[BlackElo "2065"]
[PlyCount "77"]
[EventDate "2014.07.05"]
[EventType "swiss"]
[EventRounds "9"]
[EventCountry "FRA"]
[SourceTitle "CBM 161 Extra"]
[Source "ChessBase"]
[SourceDate "2014.08.29"]
[SourceVersion "1"]
[SourceVersionDate "2014.08.29"]
[SourceQuality "1"]

1. d4 Nf6 2. c4 e6 3. Nf3 d5 4. g3 dxc4 5. Bg2 Bb4+ 6. Bd2 a5 7. Qc2 Be7 8. Qxc4 0-0 9. 0-0 c6 10. Qc2 b5 11. a4 Bb7 12. Nc3 Qb6 13. Bg5 h6 14. Bxf6 Bxf6 15. e3 Nd7 16. Ne4 Be7 17. Rfc1 Rfd8 18. Nfd2 e5 19. Nc5 Nxc5 20. dxc5 Qc7 21. axb5 cxb5 22. c6 Bc8 23. Ne4 Bb4 24. Qe2 Be6 25. Qxb5 Rab8 26. Qa4 Bd5 27. Nc5 Bxc5 28. Rxc5 Bxg2 29. Kxg2 Rxb2 30. Qxa5 Rc8 31. Qxc7 Rxc7 32. Ra8+ Kh7 33. Rd8 Rb6 34. Rd6 f6 35. Kf3 Kg6 36. Ke4 Kf7 37. Rd7+ Rxd7 38. cxd7 Rd6 39. Rd5 1-0

[Event "Troyes Lallemand Memorial op"]
[Site "Troyes"]
[Date "2014.06.14"]
[Round "4"]
[White "Hernandez, Lara"]
[Black "Fruteau, Sabine"]
[Result "0-1"]
[WhiteElo "1732"]
[BlackElo "2065"]
[PlyCount "91"]
[EventDate "2014.06.14"]
[EventType "swiss (rapid)"]
[EventRounds "9"]
[EventCountry "FRA"]
[SourceTitle "EXT 2015"]
[Source "ChessBase"]
[SourceDate "2014.11.20"]
[SourceVersion "1"]
[SourceVersionDate "2014.11.20"]
[SourceQuality "1"]

1. d4 Nf6 2. c4 e6 3. a3 d5 4. cxd5 exd5 5. Nc3 c6 6. Bg5 Be7 7. e3 Nbd7 8. Bd3 0-0 9. Nge2 Ne4 10. Bxe7 Qxe7 11. Bxe4 dxe4 12. 0-0 Nf6 13. Nf4 Be6 14. Qc2 Bd5 15. Ncxd5 cxd5 16. Qb3 Qd7 17. Rfc1 Rfc8 18. a4 Rc6 19. Rxc6 Qxc6 20. Ne2 Rc8 21. Nc3 a5 22. Rc1 Nd7 23. h3 Nb6 24. Ne2 Nc4 25. Qa2 Qd7 26. Nf4 g5 27. Nh5 Rc6 28. b3 Nb6 29. Rxc6 Qxc6 30. Qd2 f5 31. Qxa5 f4 32. exf4 gxf4 33. Qc5 Qh6 34. a5 Qxh5 35. Qxb6 Qf7 36. Qd8+ Kg7 37. Qg5+ Kf8 38. Qh6+ Ke8 39. Qd6 Qf5 40. Qb8+ Kf7 41. Qxb7+ Kg6 42. Qe7 f3 43. Qe8+ Kh6 44. g4 Qf6 45. Qh5+ Kg7 46. Qe5 0-1

[Event "Guernsey op"]
[Site "Guernsey"]
[Date "2013.10.22"]
[Round "3"]
[White "Fruteau, Sabine"]
[Black "Riedener, Toni"]
[Result "1-0"]
[WhiteElo "2067"]
[BlackElo "2045"]
[PlyCount "71"]
[EventDate "2013.10.20"]
[EventType "swiss"]
[EventRounds "7"]
[EventCountry "GCI"]
[SourceTitle "CBM 157 Extra"]
[Source "ChessBase"]
[SourceDate "2013.12.19"]
[SourceVersion "1"]
[SourceVersionDate "2013.12.19"]
[SourceQuality "1"]

1. e4 c5 2. Nf3 d6 3. Bb5+ Bd7 4. Bxd7+ Qxd7 5. 0-0 Nc6 6. c3 Nf6 7. d4 cxd4 8. cxd4 d5 9. e5 Ne4 10. Ne1 h6 11. f3 Ng5 12. Be3 e6 13. Nd2 Be7 14. a3 0-0 15. Nd3 b6 16. h4 Nh7 17. Qe1 Rac8 18. g4 f6 19. Qg3 fxe5 20. dxe5 Qd8 21. h5 Bh4 22. Qh2 d4 23. Bf2 Bxf2+ 24. Rxf2 Qd5 25. Re1 Ng5 26. f4 Nh7 27. Ne4 Qb3 28. Qg3 Ne7 29. Nb4 Qxg3+ 30. Nxg3 a5 31. Nd3 Nd5 32. Re4 Rc4 33. Ne2 Ne3 34. b3 Rc2 35. Nxd4 Rxf2 36. Nxf2 1-0

[Event "Guernsey op"]
[Site "Guernsey"]
[Date "2013.10.21"]
[Round "2"]
[White "Brookfield, Toby"]
[Black "Fruteau, Sabine"]
[Result "0-1"]
[WhiteElo "1892"]
[BlackElo "2067"]
[PlyCount "60"]
[EventDate "2013.10.20"]
[EventType "swiss"]
[EventRounds "7"]
[EventCountry "GCI"]
[SourceTitle "CBM 157 Extra"]
[Source "ChessBase"]
[SourceDate "2013.12.19"]
[SourceVersion "1"]
[SourceVersionDate "2013.12.19"]
[SourceQuality "1"]

1. e4 d5 2. exd5 Qxd5 3. Nc3 Qd6 4. d4 Nf6 5. Nf3 a6 6. g3 b5 7. Bg2 Bb7 8. Bf4 Qb6 9. 0-0 e6 10. Re1 Be7 11. Qe2 0-0 12. Rad1 Bb4 13. a3 Bxc3 14. bxc3 Nd5 15. Qd3 Nf6 16. c4 bxc4 17. Qxc4 Bd5 18. Qd3 Nbd7 19. c4 Bc6 20. Rb1 Qa7 21. d5 exd5 22. Be3 dxc4 23. Qxc4 Bd5 24. Qf4 c5 25. Qd6 Rac8 26. Red1 Qa8 27. Qf4 Rfe8 28. Rxd5 Nxd5 29. Qf5 Nxe3 30. fxe3 Qe4 0-1

[Event "Mulhouse (Women)"]
[Site "Mulhouse"]
[Date "2012.07.06"]
[Round "7"]
[White "Fruteau, Sabine"]
[Black "Richard, Emma"]
[Result "1-0"]
[WhiteElo "2127"]
[BlackElo "2048"]
[PlyCount "117"]
[EventDate "2012.07.02"]
[EventType "tourn"]
[EventRounds "9"]
[EventCountry "FRA"]
[SourceTitle "CBM 149 Extra"]
[Source "ChessBase"]
[SourceDate "2012.08.24"]
[SourceVersion "1"]
[SourceVersionDate "2012.08.24"]
[SourceQuality "1"]

1. e4 c5 2. Nf3 Nc6 3. Bb5 d6 4. 0-0 Bd7 5. c3 Nf6 6. d4 cxd4 7. cxd4 Nxe4 8. d5 Nb8 9. Bxd7+ Nxd7 10. Re1 Nef6 11. Nc3 a6 12. Bf4 Nb6 13. Qb3 g6 14. a4 Rb8 15. a5 Nc8 16. Ne4 Nxe4 17. Qa4+ Qd7 18. Qd4 Rg8 19. Qxe4 Bg7 20. Re2 Bf6 21. Ng5 h6 22. Nh7 Kd8 23. Nxf6 exf6 24. Qd4 Qf5 25. Rae1 b5 26. Qb4 Qd7 27. Qc3 Qf5 28. Qc6 Qd7 29. Qxa6 g5 30. Be3 Qb7 31. Qxb7 Rxb7 32. a6 Re7 33. a7 Rxa7 34. Bxa7 Nxa7 35. Re7 Nc8 36. Rxf7 Rg6 37. Rb7 f5 38. Rxb5 f4 39. f3 Rg7 40. Rc1 Rc7 41. Rc3 Kd7 42. Kf2 Ne7 43. Rxc7+ Kxc7 44. g3 Ng6 45. Rb4 fxg3+ 46. hxg3 Ne5 47. Rd4 Kb6 48. b4 Kb5 49. Ke3 h5 50. Re4 Nc4+ 51. Kd3 Nb6 52. Re6 Nxd5 53. Rxd6 Nxb4+ 54. Ke4 h4 55. gxh4 gxh4 56. Rh6 Kc5 57. Rxh4 Kd6 58. Kf5 Nc2 59. Re4 1-0